书目信息 |
| 题名: |
家庭科学饮食指南
|
|
| 作者: | 黄梅丽 , 王俊卿 编著 | |
| 分册: | ||
| 出版信息: | 北京 金盾出版社 2009 |
|
| 页数: | 12,495页 | |
| 开本: | 21cm | |
| 丛书名: | ||
| 单 册: | ||
| 中图分类: | R151.4 , R247.1 | |
| 科图分类: | ||
| 主题词: | 饮食营养学--基本知识 , 食物疗法--基本知识 , 饮食营养学 , 食物疗法 | |
| 电子资源: | ||
| ISBN: | 978-7-5082-1731-4 | |
| 000 | 01005nam0 2200289 45 | |
| 001 | 1033026171 | |
| 005 | 20100407171035.28 | |
| 010 | @a978-7-5082-1731-4@dCNY25.00 | |
| 100 | @a20100331e2009 em y0chiy0110 ea | |
| 101 | 0 | @achi |
| 102 | @aCN@b110000 | |
| 105 | @ay z 000yy | |
| 106 | @ar | |
| 200 | 1 | @a家庭科学饮食指南@AJia Ting Ke Xue Yin Shi Zhi Nan@f黄梅丽,王俊卿编著@FHuang Mei Li, Wang Jun Qing Bian Zhu |
| 210 | @a北京@c金盾出版社@d2009 | |
| 215 | @a12,495页@d21cm | |
| 330 | @a本书运用现代生理学、营养学、食品科学和我国传统医学理论及国内外最新科研成果,结合我国国情和居民饮食习惯的实际,对当前社会上人们普遍关注的有关饮食与健康的热点问题进行了答疑式阐释。 | |
| 606 | 0 | @a饮食营养学@x基本知识 |
| 606 | 0 | @a食物疗法@x基本知识 |
| 606 | 0 | @a饮食营养学 |
| 606 | 0 | @a食物疗法 |
| 690 | @aR151.4@v4 | |
| 690 | @aR247.1@v4 | |
| 701 | 0 | @a黄梅丽@AHuang Mei Li@4编著 |
| 701 | 0 | @a王俊卿@AWang Jun Qing@4编著 |
| 801 | 0 | @aCN@bTANGWEI@c20100407 |
| 905 | @b0587642-51@dR151.4@e84@f10 | |
| 家庭科学饮食指南/黄梅丽,王俊卿编著.-北京:金盾出版社,2009 |
| 12,495页;21cm |
| ISBN 978-7-5082-1731-4:CNY25.00 |
| 本书运用现代生理学、营养学、食品科学和我国传统医学理论及国内外最新科研成果,结合我国国情和居民饮食习惯的实际,对当前社会上人们普遍关注的有关饮食与健康的热点问题进行了答疑式阐释。 |
| ● |
| 相关链接 |
|
|
|
|
正题名:家庭科学饮食指南
索取号:R151.4/84
 
预约/预借
| 序号 | 登录号 | 条形码 | 馆藏地/架位号 | 状态 | 备注 |
| 1 | 0587642 | 205876426 | 第二样本阅览室/ [索取号:R151.4/84] | 在馆 | |
| 2 | 0587643 | 205876435 | 第三借阅区/ [索取号:R151.4/84] | 在馆 | |
| 3 | 0587644 | 205876444 | 教育系资料室/ [索取号:R151.4/84] | 在馆 | |
| 4 | 0587645 | 205876453 | 第三借阅区/ [索取号:R151.4/84] | 在馆 | |
| 5 | 0587646 | 205876462 | 第三借阅区/ [索取号:R151.4/84] | 在馆 | |
| 6 | 0587647 | 205876471 | 第三借阅区/ [索取号:R151.4/84] | 在馆 | |
| 7 | 0587649 | 205876499 | 教育系资料室/ [索取号:R151.4/84] | 在馆 | |
| 8 | 0587650 | 205876505 | 第三借阅区/ [索取号:R151.4/84] | 在馆 | |
| 9 | 0587651 | 205876514 | 教育系资料室/ [索取号:R151.4/84] | 在馆 |